Statistics for The 20th Century

Click here to take the quiz!

General Stats

  • This quiz has been taken 74,035 times
  • The average score is 14 of 20

Answer Stats

YearDescriptionAnswer% Correct
1945–1991The U.S. and Soviet Union fight this "war"Cold War
98%
1969This man becomes the first to walk on the moonNeil Armstrong
96%
1912This famous ocean liner hits an iceberg and sinksRMS Titanic
93%
1941Japanese forces launch a surprise attack on this naval basePearl Harbor
92%
1962The U.S. and Soviet Union have a tense stand-off over missiles in this countryCuba
88%
1914This archduke is assassinated, sparking WWIFranz Ferdinand
82%
1918–1920This pandemic kills over 3% of the world's population{Spanish} Flu
74%
1999Atmospheric levels of this greenhouse gas reach 365ppm,
an increase of over 25% since 1900
Carbon Dioxide
73%
1922This "ism" rises to prominence as Benito Mussolini becomes leader of ItalyFascism
73%
1958–1961This ruler's "Great Leap Forward" causes 30 million people to starve to deathMao Zedong
72%
1915This empire systematically kills an estimated 1.5 million ArmeniansOttoman Empire
72%
1955Jonas Salk announces a vaccine for this diseasePolio
72%
1946The ENIAC is hailed as the world's first example of this common modern deviceComputer
65%
1933This political figure says "the only thing we have to fear is fear itself"Franklin D. Roosevelt
65%
1979Protestors seize power in this country and establish a theocracyIran
63%
1930This leader marches to the sea to get salt and defy British ruleMohandas Gandhi
61%
1936This British king abdicatesEdward VIII
58%
1908–1927This car model, nicknamed the "Tin Lizzie", sells over 16.5 million unitsModel T
58%
1927This pilot becomes the first to make a non-stop solo flight from New York to ParisCharles Lindbergh
45%
1916Margaret Sanger opens the first U.S. clinic to provide information
about this practice
Birth Control
35%

Score Distribution

Percentile by Number Answered

Percent of People with Each Score

Your Score History

You have not taken this quiz